Statistics for Fictional Characters by Letter - D

Click here to take the quiz!

General Stats

  • This quiz has been taken 24,811 times
    (16,543 since last reset)
  • The average score is 14 of 22

Answer Stats

Hint Character % Correct
Flying elephantDumbo
97%
Shrek's loudmouth friendDonkey
94%
Blood-sucking CountDracula
94%
Who Anakin becameDarth Vader
93%
Duck who wears a sailor suitDonald Duck
93%
Traveled to OzDorothy Gale
91%
Blue fish with a short memoryDory
88%
"Explorer" of children's TVDora Marquez
84%
Time Lord who travels in a police boxThe Doctor
75%
Bully in Harry Potter's classDraco Malfoy
74%
Serial killer who kills killersDexter Morgan
62%
Beet farmer of "The Office"Dwight Schrute
60%
Donkey Kong's sidekickDiddy Kong
52%
Male model with the
"Blue Steel" look
Derek Zoolander
47%
He learned karate by waxing carsDaniel LaRusso
45%
El Duderino, if you're not into that
whole brevity thing
The Dude
44%
Freed slave who rescued
his wife, Broomhilda
Django Freeman
40%
Android Star Fleet officerData
29%
"Boogie Nights" protagonistDirk Diggler
26%
One of the Rescue RangersDale
22%
Cartoon character with a
pointy-haired boss
Dilbert
22%
She gets possessed by ZuulDana Barrett
19%

Score Distribution

Percentile by Number Answered

Percent of People with Each Score

Your Score History

You have not taken this quiz since the last reset